000 00311nam a2200145Ia 4500
100 _aReinhardt/ Robert
942 _cBK
366 _f15
654 _aFlash 5 Bible
245 _aFlash 5 Bible
260 _bIDG Books India (P) Ltd.
_aNew Delhi
_c2001
082 _a5.1
300 _a1299
546 _aENGLISH
999 _c33580
_d33580